000 00768nam a22002057a 4500
999 _c5321
_d5321
003 AR-CdUCM
008 190312b ||||| |||| 00| 0 spa d
040 _aMUNICIPALIDAD PROVINCIAL DEL CUSCO
_cBIBLIOTECA MUNICIPAL DEL CUSCO
082 _a170 /
_bB13
100 _aBacigalupo, Luis E
_916081
245 _aIntención y conciencia en la ética de Abelardo /
260 _aLima :
_bPUCP,
_c1992
300 _a339 páginas ;
_c20 cm.
505 _aPedro Abelardo y la pregunta por la Conciencia moral -- Felicidad y Libertad como Fundamentos de la moral -- Conflicto de la Voluntad -- La Intención como criterio de la moralidad...
650 _aConciencia
_911784
650 _aÉtica
_91337
650 _aFilosofía
_9395
942 _2ddc
_cLIBROS
945 _admma